000 01147nam a22003377a 4500
003 CHAP
005 20220329135014.0
008 971013s1946 r 00010 d
010 _a29418
011 _a30390
035 _a34502
040 _cCHAP
082 _a333.0972
_bM33
100 0 0 _aMagaña, Gildardo.
_969817
245 _aEmiliano Zapata y el agrarismo en México
260 _aMéxico, D.F. :
_bSEP,
_c1946
300 _a3 v
590 _aBATCH-UPD
_b10
_c20130110
_lUCH01
_h0337
590 _aBATCH-UPD
_b10
_c20130110
_lUCH01
_h1938
590 _aBATCH-UPD
_b10
_c20130410
_lUCH01
_h0011
590 _aBATCH-UPD
_b10
_c20130914
_lUCH01
_h1740
590 _aCONVERSION
_b10
_c20130109
_lUCH01
_h1317
650 1 4 _aMéxico
_xHistoria
_xRevolución.
_976768
650 1 4 _aReforma agraria
_zMéxico.
_995596
700 0 _aZapata, Emiliano.
_9123658
901 _aBK
942 _cLIBRO
949 _a333.0972 M33
_bBC
_cLIBRO
_d-79798
_eLIBRO
_fv.3
_h3686
_i34502
_mD
_si
949 _a333.0972 M33
_bBC
_cLIBRO
_d33724000324117
_eLIBRO
_fv.3 c.2
_h3687
_i34502
_mD
_si
949 _a333.0972 M33
_bBC
_cLIBRO
_d33724000324125
_eLIBRO
_fv.3 c.3
_h14243
_i34502
_si
999 _c29418
_d29418